[Event "Wch Juvenil 2013 sub-16 femenino"]
[Site "Al-Ain UAE"]
[Date "2013.12.24"]
[Round "7.49"]
[White "Liscinska, Jana"]
[Black "Samudin, Elina"]
[Result "0-1"]
[WhiteElo "1643"]
[BlackElo "1564"]
[PlyCount "83"]
[EventDate "2013.12.19"]
[EventType "swiss"]
[EventRounds "11"]
[EventCountry "UAE"]
[Source "lmi"]
[SourceDate "2013.12.19"]

1. e4 d5 2. exd5 Qxd5 3. Nc3 Qa5 4. d4 Nf6 5. Nf3 Ne4 6. Bd2 Nxd2 7. Qxd2 e6 8.
a3 Bb4 9. Be2 Bxc3 10. bxc3 Nd7 11. O-O O-O 12. Rfb1 a6 13. Qe3 Nf6 14. c4 Re8
15. Qf4 c5 16. Ne5 Rf8 17. Bf3 cxd4 18. Qxd4 Rd8 19. Qe3 Qc7 20. Qf4 h6 21. h3
Ra7 22. Ra2 Qc5 23. c3 Qa5 24. Qe3 Ra8 25. Rab2 Qxa3 26. g4 Nd7 27. Nc6 Rf8 28.
Rb3 Qa4 29. Ne7+ Kh8 30. g5 h5 31. g6 Qxc4 32. Bxh5 Nf6 33. Qg5 Qc7 34. Nxc8
Qxc8 35. gxf7 Nd7 36. Qg6 b5 37. Bf3 Ra7 38. Be4 Nf6 39. Rxb5 Rfxf7 40. Bc2 Kg8
41. c4 Rac7 42. Bd3 0-1

[Event "Wch Juvenil 2013 sub-16 femenino"]
[Site "Al-Ain UAE"]
[Date "2013.12.24"]
[Round "7.51"]
[White "Jacobsen, Caroline Beer"]
[Black "Mira, Sarhan"]
[Result "1-0"]
[WhiteElo "1621"]
[BlackElo "1312"]
[PlyCount "60"]
[EventDate "2013.12.19"]
[EventType "swiss"]
[EventRounds "11"]
[EventCountry "UAE"]
[Source "lmi"]
[SourceDate "2013.12.19"]

1. e4 d5 2. exd5 Qxd5 3. Nc3 Qa5 4. Bc4 Nf6 5. d3 c6 6. Bd2 Qc7 7. Qe2 Bf5 8.
f3 e6 9. g4 Bg6 10. f4 Be7 11. h4 h6 12. O-O-O Nbd7 13. Re1 Qd6 14. Ne4 Nxe4
15. dxe4 O-O-O 16. Nf3 Nb6 17. Bd3 Qd7 18. f5 Bh7 19. Ne5 Qe8 20. g5 Bd6 21.
Ng4 Rg8 22. gxh6 exf5 23. exf5 Qxe2 24. Rxe2 Nd5 25. Rf1 gxh6 26. Nxh6 Rg7 27.
f6 Bxd3 28. cxd3 Rg6 29. Nxf7 Rxf6 30. Rxf6 Nxf6 1-0

[Event "Wch Juvenil 2013 sub-16 femenino"]
[Site "Al-Ain UAE"]
[Date "2013.12.24"]
[Round "7.53"]
[White "Messaoui, Amira"]
[Black "Karania, Saloni"]
[Result "1-0"]
[WhiteElo "1605"]
[BlackElo "1210"]
[PlyCount "57"]
[EventDate "2013.12.19"]
[EventType "swiss"]
[EventRounds "11"]
[EventCountry "UAE"]
[Source "lmi"]
[SourceDate "2013.12.19"]

1. e4 b6 2. d4 Bb7 3. Nc3 e6 4. a3 c5 5. Nf3 Nf6 6. Bg5 h6 7. Bxf6 Qxf6 8. d5
exd5 9. Nxd5 Bxd5 10. Qxd5 Qxb2 11. Rd1 Qc3+ 12. Rd2 Be7 13. Qxa8 O-O 14. Qd5
d6 15. Qd3 Qf6 16. Be2 Nc6 17. O-O Ne5 18. Nxe5 dxe5 19. Qf3 Qe6 20. Rfd1 Kh8
21. Qg4 Qf6 22. Rd7 a5 23. R1d3 Re8 24. Rf3 Qc6 25. Rxf7 g5 26. Rfxe7 Rxe7 27.
Rxe7 Qf6 28. Qc8+ Qf8 29. Qxf8# 1-0

[Event "Wch Juvenil 2013 sub-16 femenino"]
[Site "Al-Ain UAE"]
[Date "2013.12.25"]
[Round "8.1"]
[White "Gu, Tianlu"]
[Black "Mahalakshmi, M."]
[Result "0-1"]
[WhiteElo "2128"]
[BlackElo "2110"]
[PlyCount "64"]
[EventDate "2013.12.19"]
[EventType "swiss"]
[EventRounds "11"]
[EventCountry "UAE"]
[Source "lmi"]
[SourceDate "2013.12.19"]

1. d4 Nf6 2. c4 e6 3. Nc3 Bb4 4. e3 d5 5. Bd3 O-O 6. Nge2 b6 7. a3 Bd6 8. e4
dxe4 9. Nxe4 Bb7 10. Nxd6 Qxd6 11. Bf4 Qe7 12. Qc2 c5 13. O-O-O Rc8 14. Rhe1 b5
15. Bg5 h6 16. Bxf6 Qxf6 17. d5 exd5 18. cxd5 b4 19. Bf5 Rd8 20. a4 Nd7 21. Ng3
Nb6 22. Kb1 Bxd5 23. a5 b3 24. Qxc5 Nc4 25. Rd4 g6 26. Rxc4 Bxc4 27. Qxc4 gxf5
28. Qf4 Rd5 29. Nh5 Qg6 30. Ng3 Rad8 31. Rc1 Rxa5 32. Ne2 Ra1+ 0-1

[Event "Wch Juvenil 2013 sub-16 femenino"]
[Site "Al-Ain UAE"]
[Date "2013.12.25"]
[Round "8.3"]
[White "Velikic, Adela"]
[Black "Nicolas Zapata, Irene"]
[Result "1-0"]
[WhiteElo "2055"]
[BlackElo "2237"]
[PlyCount "109"]
[EventDate "2013.12.19"]
[EventType "swiss"]
[EventRounds "11"]
[EventCountry "UAE"]
[Source "lmi"]
[SourceDate "2013.12.19"]

1. e4 c5 2. Nf3 d6 3. d4 cxd4 4. Qxd4 Nc6 5. Bb5 Bd7 6. Bxc6 Bxc6 7. Nc3 e5 8.
Qd3 h6 9. Be3 Nf6 10. O-O-O Rc8 11. Kb1 b5 12. Rhe1 b4 13. Nd5 Nxd5 14. exd5
Ba4 15. Rd2 Be7 16. Qa6 Bd7 17. Qxa7 Ra8 18. Qb6 Qxb6 19. Bxb6 O-O 20. b3 Ra6
21. Bd4 Rfa8 22. Bb2 Rxa2 23. Re4 Bd8 24. Rd1 Bb6 25. Rxb4 Bxf2 26. Nd2 Bc5 27.
Rb7 Bf5 28. Nc4 Kh7 29. Rxf7 Bg6 30. Rc7 R2a7 31. Rxa7 Rxa7 32. g3 Rf7 33. Rd2
Re7 34. Ba3 Bxa3 35. Nxa3 e4 36. Nc4 Bh5 37. Ne3 Bf3 38. Kb2 Kg6 39. Kc3 h5 40.
Kd4 h4 41. c3 Kg5 42. Ra2 Rf7 43. b4 h3 44. b5 Rb7 45. Rb2 Kf6 46. b6 Ke7 47.
Kc4 Kd7 48. Kb5 g6 49. Ka6 Kc8 50. Nc4 Kb8 51. Na5 Bg2 52. Rf2 Kc8 53. Nxb7 e3
54. Re2 Bf1 55. Ka7 1-0

[Event "Wch Juvenil 2013 sub-16 femenino"]
[Site "Al-Ain UAE"]
[Date "2013.12.25"]
[Round "8.4"]
[White "Vanagaite, Giedre"]
[Black "Osmak, Iulija"]
[Result "0-1"]
[WhiteElo "2017"]
[BlackElo "2212"]
[PlyCount "140"]
[EventDate "2013.12.19"]
[EventType "swiss"]
[EventRounds "11"]
[EventCountry "UAE"]
[Source "lmi"]
[SourceDate "2013.12.19"]

1. d4 d5 2. Nf3 c6 3. c4 Nf6 4. Nc3 dxc4 5. a4 Bf5 6. e3 e6 7. Bxc4 Bb4 8. O-O
O-O 9. Qe2 Nbd7 10. e4 Bg6 11. Bd3 Bh5 12. Bf4 Re8 13. e5 Nd5 14. Nxd5 cxd5 15.
Rac1 Nb8 16. h3 Nc6 17. g4 Bg6 18. Bb5 Rc8 19. Bd2 Be7 20. Be3 Qb6 21. Rfd1 a6
22. Bd3 Qb3 23. Bxg6 fxg6 24. Qc2 Qxc2 25. Rxc2 Nxe5 26. Ne1 Nf3+ 27. Kf1 Rxc2
28. Nxc2 Rc8 29. Na1 Rc4 30. b3 Rc3 31. Kg2 Nh4+ 32. Kf1 Nf3 33. Kg2 Ng5 34.
Rc1 Ne4 35. Rxc3 Nxc3 36. Nc2 Kf7 37. Ne1 g5 38. Nf3 h6 39. Ne5+ Ke8 40. Kf3
Bd6 41. Nd3 Kd7 42. Bd2 Ne4 43. Be1 Nf6 44. Bd2 Ng8 45. Bc1 Ne7 46. Bd2 Ng6 47.
Be3 Kc6 48. Bd2 b5 49. Be3 bxa4 50. bxa4 Kb6 51. Bd2 Kb7 52. Bc1 Ne7 53. Bd2
Nc8 54. Nc5+ Bxc5 55. dxc5 Kc6 56. Bc3 g6 57. Bd4 Ne7 58. Ke3 Ng8 59. Kd3 h5
60. Ke3 hxg4 61. hxg4 Nh6 62. f4 Nxg4+ 63. Kf3 Nh6 64. fxg5 Nf7 65. Bf6 Kxc5
66. Be7+ Kc4 67. Ke3 e5 68. Kd2 d4 69. Ke2 e4 70. Kd2 Ne5 0-1

[Event "Wch Juvenil 2013 sub-16 femenino"]
[Site "Al-Ain UAE"]
[Date "2013.12.25"]
[Round "8.6"]
[White "Choladze, Mariam"]
[Black "Monnisha, Gk"]
[Result "1-0"]
[WhiteElo "1900"]
[BlackElo "2180"]
[PlyCount "101"]
[EventDate "2013.12.19"]
[EventType "swiss"]
[EventRounds "11"]
[EventCountry "UAE"]
[Source "lmi"]
[SourceDate "2013.12.19"]

1. e4 e5 2. Nf3 Nc6 3. Bb5 a6 4. Ba4 Nf6 5. d3 Bc5 6. O-O b5 7. Bb3 d6 8. c3 h6
9. h3 O-O 10. Re1 Bb6 11. Nbd2 Ne7 12. Nf1 Ng6 13. Be3 Bxe3 14. fxe3 Bb7 15.
Ng3 Qd7 16. Rf1 d5 17. exd5 Bxd5 18. d4 Bxb3 19. axb3 Rfe8 20. Qc2 Nd5 21. Nf5
e4 22. Nd2 Qe6 23. c4 bxc4 24. bxc4 Nde7 25. Ra5 Nxf5 26. Raxf5 f6 27. Nb3 Rab8
28. Nc5 Qc6 29. Qc3 Rb6 30. b4 Reb8 31. Nxa6 Ra8 32. Nc5 Ra2 33. d5 Qe8 34.
R5f2 Ra8 35. Ne6 Qe7 36. c5 Rba6 37. Qc4 Ne5 38. Qxe4 Ra3 39. Nd4 R8a4 40. Nc2
Ra2 41. Rd2 Rb2 42. d6 cxd6 43. Rxd6 Raa2 44. Ne1 Re2 45. Qd5+ Kh7 46. Re6 Qc7
47. Qe4+ Kg8 48. Re8+ Kf7 49. Rxe5 Rxe1 50. Qd5+ Kg6 51. Rxe1 1-0

[Event "Wch Juvenil 2013 sub-16 femenino"]
[Site "Al-Ain UAE"]
[Date "2013.12.25"]
[Round "8.7"]
[White "Harazinska, Ewa"]
[Black "Derakhshani, Dorsa"]
[Result "1/2-1/2"]
[WhiteElo "2050"]
[BlackElo "2087"]
[PlyCount "44"]
[EventDate "2013.12.19"]
[EventType "swiss"]
[EventRounds "11"]
[EventCountry "UAE"]
[Source "lmi"]
[SourceDate "2013.12.19"]

1. d4 Nf6 2. c4 e6 3. Nc3 Bb4 4. Qc2 O-O 5. Nf3 c5 6. dxc5 Na6 7. g3 Nxc5 8.
Bg2 b6 9. O-O Bb7 10. Nb5 Nce4 11. Ng5 d5 12. cxd5 exd5 13. Rd1 Qe7 14. Qc7
Rae8 15. Nxe4 Nxe4 16. Bxe4 Qxe4 17. Qxb7 Qxe2 18. Bf4 Qxb5 19. Qxd5 Qxd5 20.
Rxd5 Rd8 21. Rxd8 Rxd8 22. Rc1 Bc5 1/2-1/2

[Event "Wch Juvenil 2013 sub-16 femenino"]
[Site "Al-Ain UAE"]
[Date "2013.12.25"]
[Round "8.9"]
[White "Styazhkina, Anna"]
[Black "Xiang, Ellen"]
[Result "1-0"]
[WhiteElo "2241"]
[BlackElo "1954"]
[PlyCount "117"]
[EventDate "2013.12.19"]
[EventType "swiss"]
[EventRounds "11"]
[EventCountry "UAE"]
[Source "lmi"]
[SourceDate "2013.12.19"]

1. e4 c5 2. Nf3 g6 3. d4 cxd4 4. Nxd4 Nc6 5. c4 Bg7 6. Be3 Nf6 7. Nc3 Ng4 8.
Qxg4 Nxd4 9. Qd1 Ne6 10. Qd2 Qa5 11. Rc1 b6 12. Be2 Bb7 13. f3 g5 14. O-O h5
15. Rfd1 d6 16. b3 Qe5 17. Nd5 Rc8 18. Bd3 h4 19. Qf2 Kf8 20. Bd2 Qd4 21. Be3
Qe5 22. Bb1 Bc6 23. Bd2 Qd4 24. Ne3 Ba8 25. Bc3 Qc5 26. b4 Qc6 27. Bxg7+ Kxg7
28. Qb2+ f6 29. e5 dxe5 30. Be4 Qe8 31. Bf5 Qf7 32. Ng4 Rc6 33. Rd7 Rd6 34.
Rxa7 Rhd8 35. Ne3 Nf4 36. c5 Rd2 37. Rc2 Ne2+ 38. Kf1 Rxc2 39. Bxc2 Nd4 40.
cxb6 Qe8 41. Ba4 Bc6 42. b5 Bxb5+ 43. Bxb5 Qxb5+ 44. Qxb5 Nxb5 45. Rxe7+ Kf8
46. Rh7 Kg8 47. Re7 Kf8 48. Re6 Kf7 49. Rc6 Nd4 50. Rc7+ Ke6 51. a4 Ra8 52. b7
Rb8 53. Nc4 Kd5 54. Na5 Nc6 55. Nxc6 Kd6 56. Nxb8 Kxc7 57. Na6+ Kxb7 58. Nc5+
Kb6 59. Ne4 1-0

[Event "Wch Juvenil 2013 sub-16 femenino"]
[Site "Al-Ain UAE"]
[Date "2013.12.25"]
[Round "8.11"]
[White "Lingur, Zalina"]
[Black "Aay, Aisyah Anisa"]
[Result "0-1"]
[WhiteElo "2009"]
[BlackElo "1900"]
[PlyCount "180"]
[EventDate "2013.12.19"]
[EventType "swiss"]
[EventRounds "11"]
[EventCountry "UAE"]
[Source "lmi"]
[SourceDate "2013.12.19"]

1. e4 c5 2. Nf3 d6 3. d4 cxd4 4. Nxd4 Nf6 5. Nc3 a6 6. Bg5 e6 7. Qe2 Qb6 8.
O-O-O Nc6 9. Nb3 Bd7 10. f4 h6 11. Bh4 Qc7 12. Kb1 Be7 13. Bf2 b5 14. g4 Rc8
15. Bg2 b4 16. Na4 e5 17. g5 Ng4 18. Bb6 Qb8 19. Qxa6 hxg5 20. h3 Nh6 21. fxg5
Bxg5 22. Bf2 Be6 23. Nb6 Rd8 24. Nd5 Bd7 25. Bb6 Rc8 26. Qe2 Ne7 27. Be3 Bh4
28. Nb6 Rd8 29. Nxd7 Rxd7 30. Rd2 f6 31. Rhd1 Nf7 32. Nc5 Rc7 33. Ne6 Rc6 34.
Nxg7+ Kd7 35. Qg4+ Kc7 36. Ne6+ Kb7 37. Qe2 Ka8 38. Ng7 Bg5 39. Nf5 Nc8 40.
Bxg5 Nxg5 41. h4 Ne6 42. Qg4 Qc7 43. Bf1 Nf4 44. Qg3 Kb8 45. Qb3 Rb6 46. Bc4
Qc5 47. Be6 Rd8 48. Bf7 Na7 49. h5 Nb5 50. Ka1 Nc3 51. Re1 Nxe4 52. Rh2 Ng5 53.
h6 d5 54. Bh5 Rb7 55. Ng7 Rh8 56. Bg4 Nf7 57. Qa4 Ra7 58. Qb3 Rxh6 59. Rxh6
Nxh6 60. Ne6 Qc4 61. Nxf4 Qxb3 62. cxb3 exf4 63. Re8+ Kc7 64. Bf3 Ra6 65. a3
Rd6 66. axb4 d4 67. Kb1 d3 68. Re4 d2 69. Kc2 Nf5 70. Rxf4 Ne3+ 71. Kb1 Rc6 72.
Ka2 d1=Q 73. Bxd1 Nxd1 74. Rf3 Re6 75. Kb1 Ne3 76. Kc1 Nd5 77. Kd2 Nxb4 78. Kc3
Nc6 79. Rf5 Kd6 80. Kc4 Ne7 81. Rf1 Nd5 82. Rd1 Re4+ 83. Kb5 Rb4+ 84. Ka5 Rxb3
85. Rd2 f5 86. Ka4 Rb8 87. Ka3 f4 88. b3 Ke5 89. Kb2 Ke4 90. Ka3 f3 0-1

[Event "Wch Juvenil 2013 sub-16 femenino"]
[Site "Al-Ain UAE"]
[Date "2013.12.25"]
[Round "8.12"]
[White "Sunyasakta, Satpathy"]
[Black "Paredes Bustamante, Paula"]
[Result "0-1"]
[WhiteElo "1899"]
[BlackElo "1994"]
[PlyCount "80"]
[EventDate "2013.12.19"]
[EventType "swiss"]
[EventRounds "11"]
[EventCountry "UAE"]
[Source "lmi"]
[SourceDate "2013.12.19"]

1. e4 c5 2. d4 e6 3. Nf3 cxd4 4. c3 Nf6 5. e5 Nd5 6. cxd4 d6 7. Bc4 Nb6 8. Bb3
dxe5 9. dxe5 Qxd1+ 10. Bxd1 f6 11. O-O Nc6 12. Re1 Kf7 13. Bb3 Bc5 14. Be3 Bxe3
15. Rxe3 Na5 16. Nc3 Nxb3 17. axb3 Bd7 18. Nd4 a6 19. Rae1 f5 20. Kf1 g6 21.
Rd1 Ke7 22. Red3 Rhd8 23. Ke1 Be8 24. f4 Bf7 25. g3 h6 26. h3 Rac8 27. g4 Rd7
28. Na4 Nd5 29. b4 Rdd8 30. Nc5 Nxb4 31. Rb3 Rxd4 32. Rxd4 Nc2+ 33. Kd1 Nxd4
34. Rxb7+ Kf8 35. Nxa6 fxg4 36. hxg4 h5 37. gxh5 gxh5 38. b4 h4 39. Rd7 h3 40.
Rxd4 h2 0-1

[Event "Wch Juvenil 2013 sub-16 femenino"]
[Site "Al-Ain UAE"]
[Date "2013.12.25"]
[Round "8.13"]
[White "Zahn, Alina"]
[Black "Alijanzadeh, Mohadeseh"]
[Result "1/2-1/2"]
[WhiteElo "1983"]
[BlackElo "1846"]
[PlyCount "67"]
[EventDate "2013.12.19"]
[EventType "swiss"]
[EventRounds "11"]
[EventCountry "UAE"]
[Source "lmi"]
[SourceDate "2013.12.19"]

1. e4 c5 2. Nf3 d6 3. d4 cxd4 4. Nxd4 Nf6 5. f3 Nc6 6. c4 Qb6 7. Nc2 g6 8. Nc3
Bg7 9. Bd3 O-O 10. Qe2 Be6 11. Nb5 Nd7 12. Be3 Qa5+ 13. Bd2 Qd8 14. Bc3 Nc5 15.
Bxg7 Kxg7 16. Ncd4 Qa5+ 17. Kf1 a6 18. Nxc6 bxc6 19. Nd4 Qb6 20. b3 Bd7 21. Rd1
e5 22. Nc2 a5 23. Qf2 Qc7 24. Ke2 f5 25. exf5 Nxd3 26. Rxd3 Bxf5 27. Rd2 Rae8
28. Ne3 e4 29. f4 Bc8 30. Rhd1 Rf6 31. Qg3 Kh8 32. Qg5 Rfe6 33. Qg3 Rf8 34. Qg5
1/2-1/2

[Event "Wch Juvenil 2013 sub-16 femenino"]
[Site "Al-Ain UAE"]
[Date "2013.12.25"]
[Round "8.14"]
[White "Imanly, Magrura"]
[Black "Beinenson, Katsiaryna"]
[Result "0-1"]
[WhiteElo "1786"]
[BlackElo "1961"]
[PlyCount "134"]
[EventDate "2013.12.19"]
[EventType "swiss"]
[EventRounds "11"]
[EventCountry "UAE"]
[Source "lmi"]
[SourceDate "2013.12.19"]

1. e4 c5 2. c3 d5 3. exd5 Qxd5 4. d4 Nf6 5. Nf3 e6 6. Be2 Nc6 7. O-O cxd4 8.
cxd4 Be7 9. Nc3 Qd6 10. Nb5 Qd8 11. Ne5 O-O 12. Bf4 Nd5 13. Bg3 f5 14. h3 f4
15. Bh2 Bf6 16. Bd3 Bxe5 17. dxe5 Qg5 18. Be4 Nde7 19. Qg4 Qxe5 20. Nc3 Qf6 21.
Qh5 g6 22. Qc5 e5 23. Rfe1 Be6 24. Rad1 Rac8 25. Qb5 Rc7 26. Rd6 Nd4 27. Qb4
Qg5 28. Rxd4 exd4 29. Qd6 dxc3 30. Qxc7 f3 31. Bg3 cxb2 32. Qc3 Qb5 33. Bd3 Qd5
34. Bb1 fxg2 35. Qxb2 Bxh3 36. Be4 Qa5 37. Qb3+ Rf7 38. Rd1 Bg4 39. Rc1 Qd2 40.
Qc3 Qxa2 41. Bxb7 h5 42. Bxg2 Nf5 43. Qc8+ Kh7 44. Be5 Qxf2+ 45. Kxf2 Nd6+ 46.
Kg3 Nxc8 47. Bd5 Rf5 48. Rc7+ Kh6 49. Bg7+ Kg5 50. Be4 Rb5 51. Rc6 Rb3+ 52. Kf2
Ne7 53. Bf6+ Kf4 54. Rc4 Be6 55. Ra4 Bd7 56. Rxa7 Kxe4 57. Bxe7 Bb5 58. Bd8 Kf4
59. Rf7+ Kg4 60. Rg7 Bd3 61. Rd7 Be4 62. Rd4 Kf5 63. Ra4 Rb5 64. Kg3 g5 65.
Bxg5 Bc2 66. Rc4 Bb3 67. Rc8 Kxg5 0-1

[Event "Wch Juvenil 2013 sub-16 femenino"]
[Site "Al-Ain UAE"]
[Date "2013.12.25"]
[Round "8.15"]
[White "Malassagne, Isabelle"]
[Black "Wafa, Shahenda"]
[Result "1/2-1/2"]
[WhiteElo "2043"]
[BlackElo "1883"]
[PlyCount "114"]
[EventDate "2013.12.19"]
[EventType "swiss"]
[EventRounds "11"]
[EventCountry "UAE"]
[Source "lmi"]
[SourceDate "2013.12.19"]

1. d4 d5 2. c4 e6 3. Nf3 Nf6 4. g3 c6 5. Bg2 Bd6 6. O-O O-O 7. Nfd2 e5 8. dxe5
Bxe5 9. cxd5 Nxd5 10. Nc4 Bc7 11. Nbd2 Nd7 12. Ne4 Ne5 13. Ne3 Nf6 14. Qxd8
Bxd8 15. Nd6 Bc7 16. Nxc8 Raxc8 17. Bd2 Rfe8 18. Bc3 Neg4 19. Nxg4 Nxg4 20. Bh3
h5 21. e3 Rcd8 22. Rad1 Be5 23. Bxg4 Bxc3 24. Bd7 Re7 25. Bxc6 Rxd1 26. Rxd1
Bxb2 27. Bf3 Bf6 28. Bxh5 b5 29. Be2 Rb7 30. Rd5 b4 31. Bc4 Bc3 32. h4 Re7 33.
h5 Kh7 34. Bd3+ Kh6 35. g4 Re6 36. g5+ Kxh5 37. g6+ f5 38. Bxf5 Re5 39. Rxe5
Bxe5 40. f4 Bd6 41. Kf2 a5 42. Kf3 a4 43. Bb1 Be7 44. Ke2 Kg4 45. Bc2 a3 46.
Bb3 Kf5 47. Bf7 b3 48. Bxb3 Kxg6 49. Kf3 Kf6 50. Kg4 Bb4 51. e4 Bc3 52. e5+ Ke7
53. Kf5 Bd2 54. Ke4 Bc3 55. Kd5 Bd2 56. f5 Bc3 57. Ke4 Bb2 1/2-1/2

[Event "Wch Juvenil 2013 sub-16 femenino"]
[Site "Al-Ain UAE"]
[Date "2013.12.25"]
[Round "8.16"]
[White "Haussernot, Cecile"]
[Black "Hua, Margaret"]
[Result "0-1"]
[WhiteElo "2062"]
[BlackElo "1922"]
[PlyCount "124"]
[EventDate "2013.12.19"]
[EventType "swiss"]
[EventRounds "11"]
[EventCountry "UAE"]
[Source "lmi"]
[SourceDate "2013.12.19"]

1. e4 e5 2. Nf3 Nc6 3. d4 exd4 4. Nxd4 Nf6 5. Nxc6 bxc6 6. e5 Qe7 7. Qe2 Nd5 8.
c4 Ba6 9. Nd2 g5 10. Ne4 h6 11. b3 Bg7 12. Bb2 O-O-O 13. Ng3 Rhe8 14. O-O-O Nf4
15. Qe3 Bxe5 16. Qxa7 Bxb2+ 17. Kxb2 Bb7 18. c5 d5 19. Bd3 Nxd3+ 20. Rxd3 Qe5+
21. Kb1 f5 22. Rhd1 f4 23. Nf1 Qe2 24. b4 Re4 25. Qa3 Qxf2 26. Nd2 Re2 27. Nf3
Rde8 28. b5 R2e3 29. Nd4 Rxd3 30. Qxd3 Re1 31. bxc6 Rxd1+ 32. Qxd1 Ba6 33. Qa4
Qf1+ 34. Kb2 Qd3 35. Qb4 Qc4 36. Ka3 Qxb4+ 37. Kxb4 g4 38. Kc3 g3 39. hxg3 fxg3
40. Nf5 Bf1 41. Nxg3 Bxg2 42. Kd4 Kb8 43. a4 Ka7 44. Nh5 Bf3 45. Nf4 h5 46. Ne6
h4 47. Nxc7 h3 48. Nb5+ Ka6 49. Nc7+ Ka7 50. Nb5+ Ka6 51. Nc7+ Ka5 52. Ne6 Bg4
53. Ke5 Bxe6 54. Kxe6 h2 55. c7 h1=Q 56. Kd7 Qh3+ 57. Kd8 Qh8+ 58. Kd7 Qg7+ 59.
Kd8 Qf8+ 60. Kd7 Qxc5 61. c8=Q Qxc8+ 62. Kxc8 d4 0-1

[Event "Wch Juvenil 2013 sub-16 femenino"]
[Site "Al-Ain UAE"]
[Date "2013.12.25"]
[Round "8.17"]
[White "Chetina, Elizaveta"]
[Black "Heinemann, Josefine"]
[Result "0-1"]
[WhiteElo "1904"]
[BlackElo "2008"]
[PlyCount "68"]
[EventDate "2013.12.19"]
[EventType "swiss"]
[EventRounds "11"]
[EventCountry "UAE"]
[Source "lmi"]
[SourceDate "2013.12.19"]

1. e4 c5 2. Nf3 d6 3. d4 cxd4 4. Nxd4 Nf6 5. Nc3 a6 6. Be2 e6 7. O-O Nbd7 8. f4
b5 9. a3 Bb7 10. Bf3 Rc8 11. Nb3 Be7 12. Be3 O-O 13. Qe1 Qc7 14. Qd2 Qb8 15. g4
Qa8 16. Qg2 Rxc3 17. bxc3 Bxe4 18. g5 Bxf3 19. Rxf3 Nd5 20. Bf2 Rc8 21. Qg3 e5
22. Qg4 Qb7 23. Na5 Qc7 24. Re1 exf4 25. Rh3 Ne5 26. Qh5 h6 27. gxh6 g6 28. h7+
Kh8 29. Qd1 Nxc3 30. Qd4 f6 31. Nb3 f3 32. Qh4 Ne2+ 33. Kh1 g5 34. Qh6 Ng4 0-1

[Event "Wch Juvenil 2013 sub-16 femenino"]
[Site "Al-Ain UAE"]
[Date "2013.12.25"]
[Round "8.19"]
[White "Dong, Alice"]
[Black "Shakhmurzova, Fatima"]
[Result "0-1"]
[WhiteElo "1903"]
[BlackElo "1983"]
[PlyCount "100"]
[EventDate "2013.12.19"]
[EventType "swiss"]
[EventRounds "11"]
[EventCountry "UAE"]
[Source "lmi"]
[SourceDate "2013.12.19"]

1. e4 c5 2. Nf3 d6 3. d4 cxd4 4. Nxd4 Nf6 5. Nc3 a6 6. h3 e6 7. g4 Be7 8. Bg2
Qc7 9. O-O O-O 10. Kh1 Nc6 11. Nde2 b5 12. Ng3 b4 13. Nce2 d5 14. c3 Bb7 15.
Bd2 dxe4 16. g5 Ne8 17. Nxe4 Rd8 18. Qe1 a5 19. Rc1 Qb8 20. f4 Nd6 21. Nc5 Ba8
22. Ng3 Nc4 23. Be3 Nxb2 24. Qe2 Bxc5 25. Bxc5 Nd3 26. Bxf8 Nxc1 27. Rxc1 Qxf4
28. Qe1 Rxf8 29. Ne4 Ne5 30. Rc2 Nd3 31. Qe2 Bxe4 32. Bxe4 Nf2+ 33. Qxf2 Qxe4+
34. Kg1 Rc8 35. Qd2 Qd5 36. cxb4 Rxc2 37. Qxc2 Qxg5+ 38. Kh1 Qd5+ 39. Kh2 Qd6+
40. Kg2 axb4 41. Qc8+ Qf8 42. Qb7 h6 43. h4 Qc5 44. Qa8+ Kh7 45. Qe4+ g6 46.
Qf4 Kg7 47. Qb8 Qc2+ 48. Kh3 Qxa2 49. Qxb4 Qa1 50. Kg3 h5 0-1

[Event "Wch Juvenil 2013 sub-16 femenino"]
[Site "Al-Ain UAE"]
[Date "2013.12.25"]
[Round "8.20"]
[White "Srija, Seshadri"]
[Black "Grgic, Neomi"]
[Result "0-1"]
[WhiteElo "1980"]
[BlackElo "1882"]
[PlyCount "94"]
[EventDate "2013.12.19"]
[EventType "swiss"]
[EventRounds "11"]
[EventCountry "UAE"]
[Source "lmi"]
[SourceDate "2013.12.19"]

1. e4 e5 2. Nf3 Nc6 3. Bb5 a6 4. Ba4 Nf6 5. d3 b5 6. Bb3 Be7 7. O-O d6 8. c3
O-O 9. Nbd2 Na5 10. Bc2 c5 11. Re1 Nc6 12. Nf1 Qc7 13. Ne3 Be6 14. d4 cxd4 15.
cxd4 Bg4 16. Nxg4 Nxg4 17. h3 Nf6 18. d5 Nb4 19. Bb3 Rfc8 20. a4 Nd7 21. Qd2
Qc5 22. Re3 Nb6 23. Rc3 Nc4 24. Bxc4 bxc4 25. b3 Qb6 26. bxc4 a5 27. Ba3 f5 28.
exf5 Bf6 29. Rd1 e4 30. Nd4 Nd3 31. c5 dxc5 32. Rb3 Qd6 33. Nc2 Qxd5 34. Rb5
Qc4 35. Rdb1 Qxa4 36. Rb7 Rd8 37. Qe2 Nf4 38. Qg4 Qxc2 39. Qxf4 c4 40. Qg4 c3
41. Rc1 Qd2 42. Qxe4 Re8 43. Qc2 Re1+ 44. Kh2 Be5+ 45. g3 Rxc1 46. Qb3+ Kh8 47.
Bc5 Qe1 0-1

[Event "Wch Juvenil 2013 sub-16 femenino"]
[Site "Al-Ain UAE"]
[Date "2013.12.25"]
[Round "8.21"]
[White "Hong, Xing"]
[Black "Fiadosenka, Rahneda"]
[Result "0-1"]
[WhiteElo "1980"]
[BlackElo "1845"]
[PlyCount "74"]
[EventDate "2013.12.19"]
[EventType "swiss"]
[EventRounds "11"]
[EventCountry "UAE"]
[Source "lmi"]
[SourceDate "2013.12.19"]

1. e4 c5 2. Nf3 Nc6 3. d4 cxd4 4. Nxd4 Nf6 5. Nc3 e5 6. Ndb5 d6 7. Bg5 a6 8.
Na3 Be6 9. Nc4 Rc8 10. Ne3 Be7 11. g3 Qb6 12. Bxf6 Bxf6 13. Rb1 Nd4 14. Bg2 Qa5
15. O-O Bg5 16. h4 Be7 17. Ncd5 Bxd5 18. Nxd5 Rxc2 19. Qg4 g6 20. f4 h5 21. Qd1
Bd8 22. Ne3 Re2 23. Nc4 Qc5 24. Qd3 O-O 25. b4 Qb5 26. a4 Qxa4 27. fxe5 dxe5
28. Ra1 Qxb4 29. Rfb1 Qc5 30. Kh1 b5 31. Ne3 a5 32. Bf1 Rf2 33. Kg1 Rf6 34. Kg2
b4 35. Rc1 Qa7 36. Be2 Nxe2 37. Qxe2 Bb6 0-1

[Event "Wch Juvenil 2013 sub-16 femenino"]
[Site "Al-Ain UAE"]
[Date "2013.12.25"]
[Round "8.22"]
[White "Franca, Veronika"]
[Black "Gholami Orimi, Anahita"]
[Result "1/2-1/2"]
[WhiteElo "1965"]
[BlackElo "1817"]
[PlyCount "72"]
[EventDate "2013.12.19"]
[EventType "swiss"]
[EventRounds "11"]
[EventCountry "UAE"]
[Source "lmi"]
[SourceDate "2013.12.19"]

1. d4 Nf6 2. c4 e6 3. Nc3 Bb4 4. e3 c5 5. Bd3 d5 6. Nf3 cxd4 7. exd4 Nc6 8. O-O
O-O 9. a3 Be7 10. b3 b6 11. Bb2 Bb7 12. Rc1 Rc8 13. Re1 Na5 14. Ne5 Ba6 15. Nb5
Bxb5 16. cxb5 Nd7 17. f4 Nxe5 18. fxe5 Rxc1 19. Qxc1 Nxb3 20. Qc2 Na5 21. Bxh7+
Kh8 22. Re3 Bg5 23. Rh3 Bh6 24. Bc1 Qc8 25. Bxh6 Qxc2 26. Bxc2 gxh6 27. Rxh6+
Kg7 28. Rh7+ Kg8 29. Rh3 Rc8 30. Bd3 Rc1+ 31. Kf2 Nc4 32. Ke2 Na5 33. Rf3 Kg7
34. Rg3+ Kh8 35. Rh3+ Kg7 36. Rg3+ Kh8 1/2-1/2

[Event "Wch Juvenil 2013 sub-16 femenino"]
[Site "Al-Ain UAE"]
[Date "2013.12.25"]
[Round "8.23"]
[White "Rojikova, Lenka"]
[Black "Karimi, Yeganeh"]
[Result "0-1"]
[WhiteElo "1943"]
[BlackElo "1839"]
[PlyCount "102"]
[EventDate "2013.12.19"]
[EventType "swiss"]
[EventRounds "11"]
[EventCountry "UAE"]
[Source "lmi"]
[SourceDate "2013.12.19"]

1. e4 e6 2. d4 d5 3. Nc3 Nf6 4. e5 Nfd7 5. f4 c5 6. Nf3 Nc6 7. Be3 Qb6 8. Na4
Qa5+ 9. c3 cxd4 10. b4 Qd8 11. Nxd4 Nxd4 12. Bxd4 Be7 13. Bd3 b6 14. O-O g6 15.
Qg4 Nb8 16. Qe2 Nc6 17. a3 Bd7 18. Nb2 O-O 19. Rac1 Nxd4 20. cxd4 a5 21. Qd2
axb4 22. axb4 Qb8 23. g4 f5 24. gxf5 gxf5 25. Kh1 Kh8 26. Rg1 Rg8 27. Rxg8+
Qxg8 28. Rb1 Qf8 29. Nd1 Ra4 30. Nc3 Rxb4 31. Rxb4 Bxb4 32. Qb2 Ba5 33. Nb5 Qh6
34. Qc1 Qf8 35. Nd6 Qb8 36. Qg1 Qg8 37. Qc1 Qg7 38. Qc7 h6 39. Qd8+ Kh7 40. Be2
Bd2 41. Qxb6 Be3 42. Qb1 Bxd4 43. Qc1 Ba4 44. Bd3 Bd7 45. Be2 Bb6 46. Bb5 Bxb5
47. Nxb5 Qg4 48. Qf1 h5 49. Nd6 Be3 50. Ne8 Qxf4 51. Nf6+ Kg6 0-1